banner-ar

الموطا : لامام الائمة وعالم المدينة مالك ابن انس رضى الله عنه / (Record no. 53447)

MARC details
000 -الفاتح
حقل البيانات ثابتة الطول 00683nam a2200193Ia 4500
008 - عناصر البيانات ثابتة الطول - معلومات عامة
حقل البيانات ثابتة الطول 140319s9999 xx 000 0 ara d
040 ## - مصدر الفهرسة
وكالة الفهرسة الأصلية GCL /
وكالة النسخ GCL
082 04 - رقم تصنيف ديوى العشرى
رقم التصنيف 258.2
رقم المادة م م
100 1# - المدخل الرئيسى - إسم شخصى
الإسم الشخصى محمد فؤاد عبدالباقى
245 10 - بيان العنوان
العنوان الموطا : لامام الائمة وعالم المدينة مالك ابن انس رضى الله عنه /
بيان المسئوليه,etc محمد فؤاد عبدالباقى
700 1# - المدخل الاضافى - اسم شخصى
الإسم الشخصى مالك بن انس
300 ## - الوصف المادى
التعداد 609 ص
490 ## - بيان السلسلة
عنوان السلسلة كتاب الشعب
رقم المجلد/ التعيين التسلسلي 0
650 04 - المدخل الاضافى بالموضوع-مصطلح موضوعى
مصطلح موضوعي الفقه الاسلامى
650 04 - المدخل الاضافى بالموضوع-مصطلح موضوعى
مصطلح موضوعي الفقه المالكى
942 ## - عناصر المدخل الإضافي( كوها)
مصدر التصنيف او مخطط الترفيف Dewey Decimal Classification
Koha [default] item type كتاب
260 ## - PUBLICATION, DISTRIBUTION, ETC. (IMPRINT)
-- [S.N] :
-- دار الشعب للطباعة والنشر
Holdings
حالة التراجع حالة الفقد حالة تلف ليس للاعارة المكان المؤقت الموقع الحالى تاريخ الاكتساب اجمالي اﻻعارات رقم الطلب الباركود تاريخ اخر مشاهدة تاريخ تفعيل السعر نوع وعاء كوها
        مكتبة القاهرة الكبرى مكتبة القاهرة الكبرى 03/26/2014   258.2\م م 128251 03/26/2014 03/26/2014 كتاب
        مكتبة القاهرة الكبرى مكتبة القاهرة الكبرى 03/26/2014   258.2\م م 128252 03/26/2014 03/26/2014 كتاب
        مكتبة القاهرة الكبرى مكتبة القاهرة الكبرى 03/26/2014   258.2\م م 128253 03/26/2014 03/26/2014 كتاب
        مكتبة القاهرة الكبرى مكتبة القاهرة الكبرى 03/26/2014   258.2\م م 128254 03/26/2014 03/26/2014 كتاب

Powered By

EGPV